Normale Ansicht MARC-Ansicht ISBD

Archives of Russia five years after : (Titelsatznr. 17898)

[ MARC ]
MARC-Details
000 -Satzkennung
Kontrollfeld mit fester Länge 00600nam a22002051c 4500
001 - Kontrollnummer
Kontrollfeld a987664230
008 - Feld mit fester Länge zur physischen Beschreibung - Allgemeine Angaben
Kontrollfeld mit fester Länge 090730s1997 gw |||| 000u ger d
041 ## - Sprachcode
Sprachcode des Textes/der Tonspur oder des separaten Titels ger
040 ## - Katalogisierungsquelle
Übertragungsstelle RU-10907106
003 - Kontrollnummer Identifier
Kontrollfeld RU-10907106
100 1# - Haupteintragung - Personenname
Personenname Grimsted, Patricia Kennedy
245 00 - Titel
Titel Archives of Russia five years after :
Zusatz zum Titel "purveyors of sensations" or "shadows cast to the past"?
264 ## - Produktion, Veröffentlichung, Distribution, Herstellung und Urheberrechtsvermerk
Herstellungs-, Veröffentlichungs- Vertriebs-, Erzeugungsort Amsterdam :
Produzent, Herausgeber, Distributor, Hersteller International Institute of Social History,
Datum der Herstellung, der Veröffentlichung, des Vertriebs oder des Urheberschutzvermerks 1997
300 ## - Physische Beschreibung
Umfang 221 S.
490 #0 - Gesamttitelangabe
Gesamttitelangabe IISH research papers
Bandnummer/Folgebezeichnung 26
650 #0 - Nebeneintragung unter einem Schlagwort - Sachschlagwort
Sachschlagwort oder geografischer Name als Eintragungselement Archivwesen
651 #0 - Nebeneintragung unter einem Schlagwort - Geografischer Name
Geografischer Name Russland
651 #0 - Nebeneintragung unter einem Schlagwort - Geografischer Name
Geografischer Name Sowjetunion
942 ## - Zusätzliche Felder (Koha)
Koha-Medientyp Monographien
Exemplare
Ausgeschieden Verloren Klassifikation oder Aufstellungssystematik Beschädigt Nicht entleihbar Heimatbibliothek Aufenthaltsbibliothek Aufstellungsort Erwerbungsdatum Inventarnummer Signatur Barcode Letzte Aktivität Preis gültig von Koha-Medientyp
    Andere/Generische Klassifikation     MWN Osteuropa MWN Osteuropa Lesesaal - 1 30/07/2009 09-01884 X- G 30 h 113 | G 30 h 113 E0040150790880D3 22/02/2021 22/03/2021 Monographien